000 00644cam a22002053a 4500
001 41799
003 PGUSA
005 20140828083937.0
008 130107s2013||||xxu|||||s|||||000 | eng d
040 _aPGUSA
_beng
042 _adc
100 1 _aSearight, Thomas B.
245 1 4 _aThe Old Pike :
_bA History of the National Road, with Incidents, Accidents, and Anecdotes thereon
_h[electronic resource] /
_cThomas B. Searight
260 _bProject Gutenberg,
_c2013
506 _aPublic domain in the USA.
516 _aElectronic text
830 0 _aProject Gutenberg
_v41799
856 4 0 _uhttp://www.gutenberg.org/ebooks/41799
942 _cEB
999 _c271051
_d271051